Diarios: 1910-1923

Gespeichert in:
Bibliographische Detailangaben
1. Verfasser: Kafka, Franz (VerfasserIn)
Format: Buch
Sprache:Spanisch
Veröffentlicht: Barcelona Tusquets 2000
Ausgabe:2a. ed
Schriftenreihe:Fábula
Schlagworte:
Tags: Tag hinzufügen
Keine Tags, Fügen Sie den ersten Tag hinzu!

MARC

LEADER 00000nam a2200000 a 4500
001 UCM0544
003 CL-VaPUC
008 020301e20000000SP |||||||||||||||||spa|d
082 0 4 |a 808.883  |b KAF  |2 21 
100 |a Kafka, Franz   |e author  |9 266293 
245 1 0 |a Diarios: 1910-1923 
250 |a 2a. ed 
300 |a 441 p 
942 |c BK 
945 |d 20020301 00:00:00  |a cmena 
260 |a Barcelona  |b Tusquets  |c 2000 
650 7 |a LITERATURA CHECOESLOVACA  |2 CL-VaPUC  |9 348950 
650 0 |a Cartas  |9 321777 
650 0 |a Autobiografías   |9 265171 
583 |a last modification  |c 20150602 11:38:12  |k Rodrigo Vera 
490 0 |a Fábula 
999 |c 299436  |d 299434 
952 |0 0  |1 0  |4 0  |6 808_883000000000000_KAF_2000  |7 0  |8 A  |9 355970  |a BIBART  |b BIBART  |d 2019-11-21  |i 3795039  |o 808.883 KAF 2000  |p 3795039  |r 2025-03-13  |w 2019-11-21  |y BK  |k ART